Bilecik Bilecik Bilecik Bilecik Bilecik

Bir yaz gecesi rüyası/ (Record no. 40839)

MARC details
000 -BAŞLIK
Sabit Uzunluktaki Kontrol Alanı 01680nam a22004337a 4500
001 - KONTROL NUMARASI
Control Dosyası 0040975
003 - KONTROL NUMARASI KİMLİĞİ
Kontrol Alanı KOHA_MİRAKIL
005 - EN SON İŞLEM TARİHİ ve ZAMANI
Kontrol Alanı 20260207003220.0
007 - FİZİKSEL TANIM SABİT ALAN - GENEL BİLGİ
Sabit uzunluklu kontrol alanı ta
008 - SABİT UZUNLUKTAKİ VERİ ÖGELERİ - GENEL BİLGİ
Sabit Alan 130730b2013 tu |||gr||||#||||1|tur |
020 ## - ISBN - ULUSLARARASI STANDART KİTAP NUMARASI
Isbn 9786053605355
040 ## - KATALOGLAMA KAYNAĞI
Özgün Kataloglama Kurumu TR-BiSEU
Kataloglama Dili tur
Çeviri Kurumu TR-BiSEU
Açıklama Kuralları rda
041 0# - DİL KODU
Metin ya da ses kaydının dil kodu tur
044 ## - YAYINLAYAN/ÜRETEN KURULUŞUN ÜLKE KODU
ISO country code tu
050 ## - SINIFLAMA ve YER NUMARASI
Sınıflama Numarası PR2827.A2
Yer Numarası B57 2013
100 1# - KİŞİ ADI
Yazar Adı (Kişi adı) Shakespeare, William.
245 1# - ESER ADI BİLDİRİMİ
Başlık Bir yaz gecesi rüyası/
Sorumluluk Bildirimi William Shakespeare ; William Shakespeare ; İngilizce aslından çeviren Özdemir Nutku.
250 ## - BASIM BİLDİRİMİ
Basım Bildirimi 3. basım
264 #1 - ÜRERİM, YAYIN, DAĞITIM ve TELİF BİLDİRİMİ
Yayın yeri İstanbul :
Yayınlayan Türkiye İş Bankası Kültür Yayınları
Yayın tarihi 2013
300 ## - FİZİKSEL TANIMLAMA
Sayfa, Cilt vb. 95 sayfa ;
Boyutları 20 cm.
336 ## - İÇERİK TÜRÜ
Content type term metin
Content type code txt
Source rdacontent
337 ## - MEDYA TÜRÜ
Media type term aracısız
Media type code n
Source rdamedia
338 ## - TAŞIYICI TÜRÜ
Carrier type term cilt
Carrier type code nc
Source rdacarrier
490 1# - DİZİ BİLDİRİMİ
Dizi Bildirimi Türkiye İş Bankası Kültür Yayınları ;
Cilt Numarası genel yayın 2480.
490 1# - DİZİ BİLDİRİMİ
Dizi Bildirimi Hasan Ali Yücel Klasikler Dizisi.
490 1# - DİZİ BİLDİRİMİ
Dizi Bildirimi Türkiye İş Bankası Kültür Yayınları ;
Cilt Numarası genel yayın 2480.
490 1# - DİZİ BİLDİRİMİ
Dizi Bildirimi William Shakespeare Bütün Eserleri ;
Cilt Numarası 21.
650 #0 - KONU BAŞLIĞI EK GİRİŞ - KONU TERİMİ
Konusal terim veya coğrafi ad Hippolyta (Greek mythology)--Drama.
9 (RLIN) 75992
650 #0 - KONU BAŞLIĞI EK GİRİŞ - KONU TERİMİ
Konusal terim veya coğrafi ad Theseus (Greek mythology)--Drama.
9 (RLIN) 75993
650 #0 - KONU BAŞLIĞI EK GİRİŞ - KONU TERİMİ
Konusal terim veya coğrafi ad Athens (Greece)--Drama.
9 (RLIN) 75994
650 #0 - KONU BAŞLIĞI EK GİRİŞ - KONU TERİMİ
Konusal terim veya coğrafi ad English drama.
9 (RLIN) 7777
650 #0 - KONU BAŞLIĞI EK GİRİŞ - KONU TERİMİ
Konusal terim veya coğrafi ad English drama--Translations into Turkish.
9 (RLIN) 75472
650 #0 - KONU BAŞLIĞI EK GİRİŞ - KONU TERİMİ
Konusal terim veya coğrafi ad Drama.
9 (RLIN) 32503
830 1# - SERİ EK GİRİŞİ - TEKBİÇİM ESER ADI
Tekbiçim Başlık Türkiye İş Bankası Kültür Yayınları ;
Volume number/sequential designation genel yayın 2480.
9 (RLIN) 7015
830 1# - SERİ EK GİRİŞİ - TEKBİÇİM ESER ADI
Tekbiçim Başlık Hasan Ali Yücel Klasikler Dizisi.
9 (RLIN) 75995
830 1# - SERİ EK GİRİŞİ - TEKBİÇİM ESER ADI
Tekbiçim Başlık Türkiye İş Bankası Kültür Yayınları ;
Volume number/sequential designation genel yayın 2480.
9 (RLIN) 7015
830 1# - SERİ EK GİRİŞİ - TEKBİÇİM ESER ADI
Tekbiçim Başlık William Shakespeare Bütün Eserleri ;
Volume number/sequential designation 21.
9 (RLIN) 75996
942 ## - EK GİRİŞ ÖGELERİ (KOHA)
Source of classification or shelving scheme Library of Congress Classification
Koha item type Book
Holdings
Materyal Türü Kalıcı Konum Mevcut Konum Raf Yeri Sınıflandırma Kaynağı Edinim Bilgisi Ana Konular Alt Konular Yer Numarası Demirbaş Numarası Fatura Tarihi Maliyet, Alış Fiyatı Maliyet, Yenileme Fiyatı Geri Çekilme Durumu Kayıp Durumu Hasarlı Durumu Kredi için değil Kayıt Tarih Toplam Ödünçverme Son Görülme Tarihi Son Kontrol Tarihi Satın Alma Notu
Book Prof. Dr. Azmi Özcan Kütüphanesi Prof. Dr. Azmi Özcan Kütüphanesi Birûni Salonu Library of Congress Classification Satın DİL VE EDEBİYAT İngiliz Edebiyatı PR2827.A2 B57 2013 0040975 24/09/2013 11.36 11.36         30/07/2013 16 05/12/2024 05/12/2024 73291-73383 (92 sayfa)